Statistics for Elizabeth I

Click here to take the quiz!

General Stats

  • This quiz has been taken 23 times
  • The average score is 11 of 19

Answer Stats

QuestionAnswer% Correct
Who was her mother?Anne Boleyn
100%
Who was her father?Henry viii
100%
How many children did she have?0
95%
Who was her older sister?Mary i
85%
Who was her younger brother?Edward vi
75%
Who was her succesor?James i
75%
What was she known as?Virgin Queen
75%
What year did she become Queen?1558
70%
When did she die?1603
65%
What did she become ill with?Smallpox
65%
What Year was Elizabeth born?1533
55%
Who was she rumoured to have an affair with?Robert Dudley
55%
Who was her secret spy?Walsingham
55%
____ Plot (1571)Ridolfi
50%
_____ Rebellion (1569)Northern
40%
_____'s Rebellion (1601)Essex
30%
What did she end?The Tudor Dynasty
20%
What was her court named?The Royal Court
10%
What worry did that cause?Succession Crisis
5%

Score Distribution

Percentile by Number Answered

Percent of People with Each Score

Your Score History

You have not taken this quiz